Cyber crime and law in the information technology / (Record no. 192789)

MARC details
000 -LEADER
fixed length control field 00687nam a22002057a 4500
005 - DATE AND TIME OF LATEST TRANSACTION
control field 20221004130844.0
010 ## - LCCN (DPL NO)
LC control number ENG-135291
020 ## - INTERNATIONAL STANDARD BOOK NUMBER
Terms of availability 995.00
International Standard Book Number 9789380164670
035 ## - SYSTEM CONTROL NUMBER
System control number EN-118823
037 ## - SOURCE OF ACQUISITION
Source of stock number/acquisition DBAD/PUB
082 ## - DEWEY DECIMAL CLASSIFICATION NUMBER
Classification number 345.0268
100 ## - MAIN ENTRY--PERSONAL NAME
Personal name Vaidya, Asmita A.
245 ## - TITLE STATEMENT
Title Cyber crime and law in the information technology /
Statement of responsibility, etc by Asmita A. Vaidya [and] Adwait M. Vaidya
260 ## - PUBLICATION, DISTRIBUTION, ETC. (IMPRINT)
Place of publication, distribution, etc Delhi
Name of publisher, distributor, etc A.K. Publications
Date of publication, distribution, etc 2016
270 ## - ADDRESS
Address B-61/E-1, Gali No. 14, Jagatpuri Ext. Shahadra,
City Delhi
Postal code 110093
300 ## - PHYSICAL DESCRIPTION
Extent 264p.
Dimensions 22cm(Hb)
500 ## - GENERAL NOTE
General note Includes bibliographical references and index
700 ## - ADDED ENTRY--PERSONAL NAME
Personal name Vaidya, Adwait M.
942 ## - ADDED ENTRY ELEMENTS (KOHA)
Source of classification or shelving scheme Dewey Decimal Classification
Item type English Books
Call number suffix VAI
Classification part 345.0268
Holdings
Withdrawn status Lost status Not for loan Collection code Home library Current library Date acquired Source of acquisition Cost, normal purchase price Full call number Barcode Copy number Cost, replacement price Koha item type
      Non-fiction Bawana Bawana 04/10/2022 DBAD/PUB 995.00 345.0268 VAI EN-118823 1 995.00 English Books

© Delhi Public Library
Hit Counter
free hit counter